Záporné vlastné imanie vo vybranej účtovnej jednotke bakalárska práca

Gespeichert in:
Bibliographische Detailangaben
1. Verfasser: Fedašová, Katarína
Körperschaft: Fakulta hospodárskej informatiky EU. Katedra účtovníctva a audítorstva
Weitere Verfasser: Tasáryová, Katarína, 1995-
Format: Buch
Sprache:Slowakisch
Veröffentlicht: Bratislava 2022
Tags: Tag hinzufügen
Keine Tags, Fügen Sie das erste Tag hinzu!

MARC

LEADER 00000nbm a2200000 4500
001 0286132
005 20230123144954.1
041 0 |a slo 
044 |a SK 
245 1 0 |a Záporné vlastné imanie vo vybranej účtovnej jednotke  |b bakalárska práca  |c Katarína Fedašová ; školiteľ: Katarína Tasáryová 
264 1 |a Bratislava  |c 2022 
300 |a 50 s. 
100 1 |a Fedašová, Katarína 
700 1 |a Tasáryová, Katarína, 1995- 
710 2 |a Fakulta hospodárskej informatiky EU. Katedra účtovníctva a audítorstva